00461nam a22001457a 450000500170000001000150001702000260003203700130005808200080007110000240007924501090010326000290021227000550024130000190029620160812151719.0 aENG-115747 a9789381346457c300.00 bDBAD/PUB a401 aGanguly, Shubhasree aLinguistic Norms the reception of advertisements /cby Shubhasree Ganguly ; foreword by Dasgupta, Prabal aKolkatab Gangchilc2012 aMatir Bari,Onkar Park,Ghola BazarbKolkatae700111 a86p.c21cm(Hb)